000 00306nam a2200133Ia 4500
008 240624s9999 xx 000 0 und d
041 _aeng
082 _a823 LAH
100 _aLAHIRI JHUMPA
245 _aLOWLAND
260 _c2013
_aNew Delhi
_bRandom House India
300 _a352 : p.
365 _cRS
_b25
999 _c22192
_d22192